[Event "EYCC Open-U14 2019"]
[Site "Bratislava"]
[Date "2019.08.06"]
[Round "5.44"]
[White "Indriunas, Matas"]
[Black "Binz, Lennox"]
[Result "1-0"]
[WhiteElo "1960"]
[BlackElo "1871"]
[Annotator "NA"]
[PlyCount "117"]
[EventDate "2019.08.02"]
[EventType "swiss"]
[EventCountry "SVK"]
[SourceTitle "playchess.com"]
[Source "ChessBase"]
[SourceQuality "1"]
[TimeControl "40/5400+30:1800+30"]

1. e4 {[%emt 0:00:00]} c5 {[%emt 0:00:00]} 2. Nf3 {[%emt 0:00:00]} e6 {[%emt 0:00:08]} 3. d4 {[%emt 0:00:01]} cxd4 {[%emt 0:00:06]} 4. Nxd4 {[%emt 0:00:04]} a6 {[%emt 0:00:07]} 5. Bd3 {[%emt 0:04:52]} Nf6 {[%emt 0:00:16]} 6. O-O {[%emt 0:00:55]} Qc7 {[%emt 0:00:10]} 7. Nc3 {[%emt 0:02:01]} d6 {[%emt 0:09:23]} 8. Qe2 {[%emt 0:02:46]} Nbd7 {[%emt 0:01:02]} 9. Nb3 {[%emt 0:01:42]} b6 {[%emt 0:03:30]} 10. f4 {[%emt 0:01:36]} Be7 {[%emt 0:06:15]} 11. Bd2 {[%emt 0:00:38]} O-O {[%emt 0:00:27]} 12. Rae1 {[%emt 0:00:20]} Bb7 {[%emt 0:04:49]} 13. e5 {[%emt 0:13:50]} Nd5 {[%emt 0:05:33]} 14. Nxd5 {[%emt 0:12:03]} Bxd5 {[%emt 0:02:21]} 15. c4 {[%emt 0:06:11]} Bb7 {[%emt 0:02:19]} 16. Kh1 {[%emt 0:06:08]} Rad8 {[%emt 0:05:06]} 17. Bb1 {[%emt 0:06:36]} g6 {[%emt 0:06:55]} 18. Be4 {[%emt 0:07:12]} Bxe4 {[%emt 0:06:32]} 19. Qxe4 {[%emt 0:00:07]} Nc5 {[%emt 0:01:22]} 20. Nxc5 {[%emt 0:12:11]} Qxc5 {[%emt 0:02:13]} 21. exd6 {[%emt 0:02:03]} Rxd6 {[%emt 0:00:36]} 22. Bc3 {[%emt 0:00:30]} Rd7 {[%emt 0:04:50]} 23. g4 {[%emt 0:02:49]} Bh4 {[%emt 0:08:00]} 24. Rd1 {[%emt 0:03:27]} Rxd1 {[%emt 0:12:33]} 25. Rxd1 {[%emt 0:00:05]} Rd8 {[%emt 0:01:29]} 26. Rd4 {[%emt 0:02:38]} Bf6 {[%emt 0:01:00]} 27. Rxd8+ {[%emt 0:00:30]} Bxd8 {[%emt 0:00:05]} 28. Kg2 {[%emt 0:01:37]} Kf8 {[%emt 0:02:46]} 29. b4 {[%emt 0:03:27]} Qd6 {[%emt 0:00:42]} 30. c5 {[%emt 0:03:43]} Qd1 {[%emt 0:01:30]} 31. h3 {[%emt 0:02:13]} bxc5 {[%emt 0:01:08]} 32. bxc5 {[%emt 0:00:08]} Qc1 {[%emt 0:00:23]} 33. Qd4 {[%emt 0:00:33]} Bc7 {[%emt 0:02:08]} 34. c6 {[%emt 0:01:12]} Qxf4 {[%emt 0:01:08]} 35. Bb4+ {[%emt 0:00:38]} Kg8 {[%emt 0:01:14]} 36. Qxf4 {[%emt 0:00:29]} Bxf4 {[%emt 0:00:05]} 37. Ba5 {[%emt 0:00:11]} Kg7 {[%emt 0:01:21]} 38. Kf3 {[%emt 0:00:47]} Bh2 {[%emt 0:00:48]} 39. c7 {[%emt 0:00:50]} Bxc7 {[%emt 0:00:05]} 40. Bxc7 {[%emt 0:00:00]} Kf6 {[%emt 0:00:00]} 41. Bd8+ {[%emt 0:18:44]} Ke5 {[%emt 0:00:59]} 42. g5 {[%emt 0:03:36]} Kd4 {[%emt 0:02:03]} 43. Be7 {[%emt 0:05:14]} Kd5 {[%emt 0:00:52]} 44. Bf6 {[%emt 0:00:42]} a5 {[%emt 0:02:10]} 45. a3 {[%emt 0:00:25]} Kd6 {[%emt 0:05:26]} 46. Ke4 {[%emt 0:00:54]} Kc6 {[%emt 0:00:29]} 47. Be7 {[%emt 0:00:40]} Kd7 {[%emt 0:00:14]} 48. Bf8 {[%emt 0:00:56]} Ke8 {[%emt 0:02:05]} 49. Bc5 {[%emt 0:00:12]} Kd7 {[%emt 0:00:12]} 50. Ke5 {[%emt 0:00:19]} Kc6 {[%emt 0:00:29]} 51. Bf8 {[%emt 0:02:14]} Kd7 {[%emt 0:00:22]} 52. a4 {[%emt 0:01:40]} Kc6 {[%emt 0:00:35]} 53. Ba3 {[%emt 0:00:07]} Kd7 {[%emt 0:00:46]} 54. Bc1 {[%emt 0:00:12]} Kc6 {[%emt 0:00:12]} 55. Bd2 {[%emt 0:00:05]} Kb6 {[%emt 0:00:33]} 56. Kf6 {[%emt 0:00:07]} Ka6 {[%emt 0:00:06]} 57. Kxf7 {[%emt 0:00:05]} e5 {[%emt 0:00:04]} 58. Ke6 {[%emt 0:00:03]} e4 {[%emt 0:00:10]} 59. Ke5 {[%emt 0:00:04]} 1-0

[Event "EYCC Open-U14 2019"]
[Site "Bratislava"]
[Date "2019.08.06"]
[Round "5.45"]
[White "Krivenko, Dion"]
[Black "Martinez Soriano, Javier"]
[Result "1-0"]
[WhiteElo "1700"]
[BlackElo "1992"]
[Annotator "NA"]
[PlyCount "55"]
[EventDate "2019.08.02"]
[EventType "swiss"]
[EventCountry "SVK"]
[SourceTitle "playchess.com"]
[Source "ChessBase"]
[SourceQuality "1"]
[TimeControl "40/5400+30:1800+30"]

1. e4 {[%emt 0:00:00]} e6 {[%emt 0:00:00]} 2. Qe2 {[%emt 0:00:00]} c5 {[%emt 0:00:00]} 3. Nf3 {[%emt 0:00:00]} Nc6 {[%emt 0:00:13]} 4. g3 {[%emt 0:00:07]} g6 {[%emt 0:00:32]} 5. Bg2 {[%emt 0:00:07]} Bg7 {[%emt 0:00:27]} 6. h4 {[%emt 0:00:09]} h5 {[%emt 0:02:33]} 7. O-O {[%emt 0:03:35]} Nge7 {[%emt 0:01:03]} 8. d3 {[%emt 0:00:56]} O-O {[%emt 0:00:19]} 9. c3 {[%emt 0:01:09]} b5 {[%emt 0:02:35]} 10. Be3 {[%emt 0:03:29]} d6 {[%emt 0:02:45]} 11. d4 {[%emt 0:06:55]} cxd4 {[%emt 0:05:49]} 12. cxd4 {[%emt 0:01:07]} d5 {[%emt 0:00:27]} 13. e5 {[%emt 0:01:02]} a5 {[%emt 0:02:33]} 14. Rc1 {[%emt 0:02:52]} Ba6 {[%emt 0:05:27]} 15. Bg5 {[%emt 0:06:51]} Qb6 {[%emt 0:01:52]} 16. Bh3 {[%emt 0:10:54]} Rfc8 {[%emt 0:07:44]} 17. Nbd2 {[%emt 0:04:31]} a4 {[%emt 0:07:42]} 18. Qe3 {[%emt 0:05:45]} Ra7 {[%emt 0:01:08]} 19. Bf6 {[%emt 0:09:46]} Nb4 {[%emt 0:16:01]} 20. Rxc8+ {[%emt 0:05:39]} Bxc8 {[%emt 0:05:05]} 21. Qg5 {[%emt 0:12:10]} Nec6 {[%emt 0:04:19]} 22. g4 {[%emt 0:02:50]} hxg4 {[%emt 0:02:11]} 23. Qxg4 {[%emt 0:05:34]} Rc7 {[%emt 0:06:43]} 24. Bxg7 {[%emt 0:05:18]} Kxg7 {[%emt 0:00:09]} 25. h5 {[%emt 0:03:20]} Ne7 {[%emt 0:02:17]} 26. h6+ {[%emt 0:02:36]} Kh8 {[%emt 0:00:29]} 27. Qh4 {[%emt 0:01:48]} Ng8 {[%emt 0:03:27]} 28. h7 {[%emt 0:00:55]} 1-0

[Event "EYCC Open-U14 2019"]
[Site "Bratislava"]
[Date "2019.08.06"]
[Round "5.46"]
[White "Danaci, Ege"]
[Black "Sinitsyn, Anton"]
[Result "1-0"]
[WhiteElo "1976"]
[BlackElo "1847"]
[Annotator "NA"]
[PlyCount "63"]
[EventDate "2019.08.02"]
[EventType "swiss"]
[EventCountry "SVK"]
[SourceTitle "playchess.com"]
[Source "ChessBase"]
[SourceQuality "1"]
[TimeControl "40/5400+30:1800+30"]

1. e4 {[%emt 0:00:00]} e5 {[%emt 0:00:00]} 2. Nf3 {[%emt 0:00:21]} Nc6 {[%emt 0:00:13]} 3. d4 {[%emt 0:00:48]} exd4 {[%emt 0:00:23]} 4. Nxd4 {[%emt 0:00:03]} Bc5 {[%emt 0:00:20]} 5. Nb3 {[%emt 0:01:04]} Bb4+ {[%emt 0:02:43]} 6. c3 {[%emt 0:06:54]} Be7 {[%emt 0:01:40]} 7. c4 {[%emt 0:06:36]} Nf6 {[%emt 0:02:36]} 8. f3 {[%emt 0:00:30]} O-O {[%emt 0:09:39]} 9. Nc3 {[%emt 0:01:28]} Re8 {[%emt 0:03:54]} 10. Be2 {[%emt 0:01:15]} a5 {[%emt 0:01:05]} 11. Be3 {[%emt 0:03:38]} b6 {[%emt 0:05:01]} 12. O-O {[%emt 0:02:39]} Bb7 {[%emt 0:03:57]} 13. Nd4 {[%emt 0:04:00]} Bc5 {[%emt 0:04:21]} 14. Nf5 {[%emt 0:03:36]} Bxe3+ {[%emt 0:00:45]} 15. Nxe3 {[%emt 0:00:04]} d6 {[%emt 0:01:41]} 16. Ned5 {[%emt 0:17:24]} Ne5 {[%emt 0:05:34]} 17. Qd4 {[%emt 0:05:48]} h6 {[%emt 0:07:05]} 18. Bd1 {[%emt 0:10:50]} Bc6 {[%emt 0:06:09]} 19. Bc2 {[%emt 0:08:45]} Rc8 {[%emt 0:04:50]} 20. Rae1 {[%emt 0:00:18]} Nxd5 {[%emt 0:03:03]} 21. cxd5 {[%emt 0:02:30]} Bd7 {[%emt 0:01:18]} 22. f4 {[%emt 0:01:32]} Ng6 {[%emt 0:00:59]} 23. e5 {[%emt 0:00:24]} dxe5 {[%emt 0:04:52]} 24. fxe5 {[%emt 0:00:09]} Qg5 {[%emt 0:01:04]} 25. Bxg6 {[%emt 0:19:56]} Qxg6 {[%emt 0:00:16]} 26. Rf3 {[%emt 0:00:50]} Qc2 {[%emt 0:02:33]} 27. Rg3 {[%emt 0:00:30]} g6 {[%emt 0:00:36]} 28. Ne4 {[%emt 0:00:50]} Red8 {[%emt 0:01:34]} 29. Nf6+ {[%emt 0:00:15]} Kf8 {[%emt 0:00:31]} 30. Nxd7+ {[%emt 0:00:42]} Rxd7 {[%emt 0:00:04]} 31. e6 {[%emt 0:00:06]} Rdd8 {[%emt 0:00:55]} 32. Qf6 {[%emt 0:01:11]} 1-0

[Event "EYCC Open-U14 2019"]
[Site "Bratislava"]
[Date "2019.08.06"]
[Round "5.47"]
[White "Vaclavik, Jan"]
[Black "Stockmann, Till"]
[Result "0-1"]
[WhiteElo "1733"]
[BlackElo "1975"]
[Annotator "NA"]
[PlyCount "52"]
[EventDate "2019.08.02"]
[EventType "swiss"]
[EventCountry "SVK"]
[SourceTitle "playchess.com"]
[Source "ChessBase"]
[SourceQuality "1"]
[TimeControl "40/5400+30:1800+30"]

1. e4 {[%emt 0:00:00]} c5 {[%emt 0:00:00]} 2. Nf3 {[%emt 0:00:12]} e6 {[%emt 0:00:26]} 3. d4 {[%emt 0:01:33]} cxd4 {[%emt 0:00:08]} 4. Nxd4 {[%emt 0:00:05]} a6 {[%emt 0:00:28]} 5. c4 {[%emt 0:04:48]} Nf6 {[%emt 0:03:54]} 6. Nc3 {[%emt 0:12:47]} Bb4 {[%emt 0:02:44]} 7. f3 {[%emt 0:10:46]} Qc7 {[%emt 0:07:04]} 8. Bd2 {[%emt 0:11:48]} O-O {[%emt 0:04:09]} 9. Nc2 {[%emt 0:15:13]} Be7 {[%emt 0:07:07]} 10. Be2 {[%emt 0:04:58]} Nc6 {[%emt 0:01:53]} 11. b3 {[%emt 0:09:58]} Rb8 {[%emt 0:04:48]} 12. Rc1 {[%emt 0:07:29]} Rd8 {[%emt 0:02:24]} 13. f4 {[%emt 0:05:49]} d5 {[%emt 0:09:23]} 14. cxd5 {[%emt 0:06:16]} exd5 {[%emt 0:00:34]} 15. e5 {[%emt 0:01:34]} d4 {[%emt 0:02:00]} 16. Nxd4 {[%emt 0:02:54]} Rxd4 {[%emt 0:01:25]} 17. exf6 {[%emt 0:00:12]} Bxf6 {[%emt 0:00:09]} 18. Qc2 {[%emt 0:01:09]} Nb4 {[%emt 0:10:30]} 19. Qb2 {[%emt 0:01:25]} Qd8 {[%emt 0:01:05]} 20. a3 {[%emt 0:00:28]} Nd3+ {[%emt 0:00:27]} 21. Bxd3 {[%emt 0:00:09]} Rxd3 {[%emt 0:00:09]} 22. Qa2 {[%emt 0:00:53]} Qe7+ {[%emt 0:01:53]} 23. Ne2 {[%emt 0:00:29]} Bg4 {[%emt 0:00:46]} 24. Bb4 {[%emt 0:00:30]} Qe6 {[%emt 0:03:24]} 25. h3 {[%emt 0:00:33]} Bxe2 {[%emt 0:00:07]} 26. Qxe2 {[%emt 0:00:05]} Re3 {[%emt 0:00:07]} 0-1

[Event "EYCC Open-U14 2019"]
[Site "Bratislava"]
[Date "2019.08.06"]
[Round "5.48"]
[White "Jares, Michal"]
[Black "Priseajniuc, Andrei"]
[Result "1-0"]
[WhiteElo "1974"]
[BlackElo "1789"]
[Annotator "NA"]
[PlyCount "59"]
[EventDate "2019.08.02"]
[EventType "swiss"]
[EventCountry "SVK"]
[SourceTitle "playchess.com"]
[Source "ChessBase"]
[SourceQuality "1"]
[TimeControl "40/5400+30:1800+30"]

1. d4 {[%emt 0:00:00]} d5 {[%emt 0:00:00]} 2. Nf3 {[%emt 0:00:00]} Nf6 {[%emt 0:00:00]} 3. g3 {[%emt 0:00:00]} e6 {[%emt 0:00:23]} 4. Bg2 {[%emt 0:00:13]} b5 {[%emt 0:01:23]} 5. O-O {[%emt 0:00:42]} Bb7 {[%emt 0:00:20]} 6. Ne5 {[%emt 0:01:07]} c5 {[%emt 0:03:13]} 7. a4 {[%emt 0:01:01]} b4 {[%emt 0:00:35]} 8. c4 {[%emt 0:00:43]} Nbd7 {[%emt 0:06:06]} 9. a5 {[%emt 0:15:03]} a6 {[%emt 0:03:19]} 10. Bg5 {[%emt 0:08:25]} Be7 {[%emt 0:05:47]} 11. cxd5 {[%emt 0:08:07]} Nxd5 {[%emt 0:07:23]} 12. Bxe7 {[%emt 0:03:36]} Qxe7 {[%emt 0:02:15]} 13. Nxd7 {[%emt 0:07:14]} Qxd7 {[%emt 0:03:11]} 14. dxc5 {[%emt 0:01:33]} Rc8 {[%emt 0:03:33]} 15. e4 {[%emt 0:02:45]} Nf6 {[%emt 0:00:19]} 16. Qxd7+ {[%emt 0:01:30]} Nxd7 {[%emt 0:01:13]} 17. Ra4 {[%emt 0:03:57]} b3 {[%emt 0:06:07]} 18. Rc4 {[%emt 0:00:28]} O-O {[%emt 0:01:19]} 19. Rfc1 {[%emt 0:01:35]} Rfd8 {[%emt 0:02:18]} 20. f4 {[%emt 0:09:21]} Bc6 {[%emt 0:05:32]} 21. R4c3 {[%emt 0:05:53]} Ba4 {[%emt 0:01:20]} 22. c6 {[%emt 0:06:45]} Nf6 {[%emt 0:00:46]} 23. e5 {[%emt 0:04:24]} Nd5 {[%emt 0:01:12]} 24. c7 {[%emt 0:02:04]} Rd7 {[%emt 0:02:42]} 25. Bxd5 {[%emt 0:00:24]} Rxd5 {[%emt 0:01:28]} 26. Rc5 {[%emt 0:02:21]} Rd4 {[%emt 0:17:19]} 27. R5c4 {[%emt 0:01:26]} Rxc4 {[%emt 0:00:49]} 28. Rxc4 {[%emt 0:00:03]} Bb5 {[%emt 0:00:07]} 29. Rd4 {[%emt 0:01:22]} Kf8 {[%emt 0:03:06]} 30. Rd8+ {[%emt 0:00:08] Rb8} 1-0

[Event "EYCC Open-U14 2019"]
[Site "Bratislava"]
[Date "2019.08.07"]
[Round "6.1"]
[White "Kostolansky, Sebastian Lukas"]
[Black "Tsvetkov, Andrey"]
[Result "1/2-1/2"]
[WhiteElo "2406"]
[BlackElo "2324"]
[Annotator "NA"]
[PlyCount "42"]
[EventDate "2019.08.02"]
[EventType "swiss"]
[EventCountry "SVK"]
[SourceTitle "playchess.com"]
[Source "ChessBase"]
[SourceQuality "1"]
[TimeControl "40/5400+30:1800+30"]

1. e4 {[%emt 0:00:00]} c5 {[%emt 0:00:00]} 2. Nf3 {[%emt 0:00:08]} d6 {[%emt 0:00:00]} 3. Bb5+ {[%emt 0:03:50]} Nd7 {[%emt 0:00:00]} 4. c3 {[%emt 0:00:06]} Ngf6 {[%emt 0:05:57]} 5. Qe2 {[%emt 0:00:08]} a6 {[%emt 0:01:41]} 6. Ba4 {[%emt 0:00:12]} b5 {[%emt 0:01:02]} 7. Bc2 {[%emt 0:00:09]} Bb7 {[%emt 0:00:13]} 8. O-O {[%emt 0:01:44]} e6 {[%emt 0:06:10]} 9. d4 {[%emt 0:02:57]} Be7 {[%emt 0:01:24]} 10. Bg5 {[%emt 0:14:33]} O-O {[%emt 0:06:04]} 11. Nbd2 {[%emt 0:01:13]} cxd4 {[%emt 0:16:33]} 12. cxd4 {[%emt 0:02:52]} Rc8 {[%emt 0:02:44]} 13. Bd3 {[%emt 0:10:08]} Nb6 {[%emt 0:04:56]} 14. Rfe1 {[%emt 0:07:14]} Re8 {[%emt 0:09:24]} 15. Rad1 {[%emt 0:03:08]} Qc7 {[%emt 0:04:03]} 16. e5 {[%emt 0:05:36]} dxe5 {[%emt 0:04:10]} 17. dxe5 {[%emt 0:04:35]} Nfd7 {[%emt 0:00:21]} 18. Bxe7 {[%emt 0:09:28]} Rxe7 {[%emt 0:00:02]} 19. Qe3 {[%emt 0:03:08]} h6 {[%emt 0:03:23]} 20. Ne4 {[%emt 0:04:56]} Bxe4 {[%emt 0:01:04]} 21. Qxe4 {[%emt 0:00:19]} Nf8 {[%emt 0:00:12]} 1/2-1/2

[Event "EYCC Open-U14 2019"]
[Site "Bratislava"]
[Date "2019.08.07"]
[Round "6.2"]
[White "Stukan, Martin"]
[Black "Popov, Konstantin"]
[Result "0-1"]
[WhiteElo "2303"]
[BlackElo "2367"]
[Annotator "NA"]
[PlyCount "90"]
[EventDate "2019.08.02"]
[EventType "swiss"]
[EventCountry "SVK"]
[SourceTitle "playchess.com"]
[Source "ChessBase"]
[SourceQuality "1"]
[TimeControl "40/5400+30:1800+30"]

1. e4 {[%emt 0:00:00]} c6 {[%emt 0:00:01]} 2. d4 {[%emt 0:00:05]} d5 {[%emt 0:00:16]} 3. Nc3 {[%emt 0:00:15]} dxe4 {[%emt 0:00:21]} 4. Nxe4 {[%emt 0:00:05]} Bf5 {[%emt 0:00:12]} 5. Ng3 {[%emt 0:00:10]} Bg6 {[%emt 0:00:23]} 6. h4 {[%emt 0:00:03]} h6 {[%emt 0:00:10]} 7. Nf3 {[%emt 0:00:11]} Nd7 {[%emt 0:00:18]} 8. h5 {[%emt 0:00:06]} Bh7 {[%emt 0:00:07]} 9. Bd3 {[%emt 0:00:25]} Bxd3 {[%emt 0:00:23]} 10. Qxd3 {[%emt 0:00:03]} e6 {[%emt 0:00:12]} 11. Bf4 {[%emt 0:00:13]} Qa5+ {[%emt 0:01:34]} 12. Bd2 {[%emt 0:00:14]} Bb4 {[%emt 0:00:24]} 13. c3 {[%emt 0:00:10]} Be7 {[%emt 0:00:53]} 14. c4 {[%emt 0:00:02]} Qc7 {[%emt 0:00:10]} 15. d5 {[%emt 0:00:12]} cxd5 {[%emt 0:00:16]} 16. cxd5 {[%emt 0:00:04]} Qd6 {[%emt 0:01:46]} 17. Qb5 {[%emt 0:00:23]} Ngf6 {[%emt 0:07:21]} 18. dxe6 {[%emt 0:04:47]} Qxe6+ {[%emt 0:20:36]} 19. Kf1 {[%emt 0:02:15]} a6 {[%emt 0:01:33]} 20. Qxb7 {[%emt 0:34:49]} O-O {[%emt 0:37:43]} 21. Qb3 {[%emt 0:10:32]} Qxb3 {[%emt 0:03:27]} 22. axb3 {[%emt 0:01:24]} Rfb8 {[%emt 0:00:11]} 23. Nd4 {[%emt 0:02:12]} Bc5 {[%emt 0:01:28]} 24. Ngf5 {[%emt 0:02:12]} Ne4 {[%emt 0:01:22]} 25. Bc3 {[%emt 0:04:30]} Bxd4 {[%emt 0:07:41]} 26. Nxd4 {[%emt 0:05:54]} Ndc5 {[%emt 0:00:52]} 27. b4 {[%emt 0:01:06]} Nd3 {[%emt 0:02:57]} 28. Rh4 {[%emt 0:01:42]} Re8 {[%emt 0:03:51]} 29. f3 {[%emt 0:02:44]} Nxc3 {[%emt 0:02:41]} 30. bxc3 {[%emt 0:00:19]} a5 {[%emt 0:00:32]} 31. b5 {[%emt 0:04:19]} a4 {[%emt 0:02:28]} 32. Nc2 {[%emt 0:03:41]} Rac8 {[%emt 0:01:21]} 33. c4 {[%emt 0:09:43]} Nb2 {[%emt 0:00:32]} 34. Na3 {[%emt 0:02:24]} Re3 {[%emt 0:00:32]} 35. Ra2 {[%emt 0:01:30]} Rb3 {[%emt 0:00:51]} 36. Re4 {[%emt 0:02:00]} Kh7 {[%emt 0:01:14]} 37. Ke2 {[%emt 0:05:34]} Nd3 {[%emt 0:01:08]} 38. Ra1 {[%emt 0:01:12]} Nc5 39. Re7 {[%emt 0:00:59]} Rd8 {[%emt 0:00:40]} 40. Rc7 {[%emt 0:00:00]} Rb2+ {[%emt 0:00:00]} 41. Kf1 {[%emt 0:04:01]} Nb3 {[%emt 0:04:44]} 42. Re1 {[%emt 0:00:14]} Rdd2 {[%emt 0:00:39]} 43. Nb1 {[%emt 0:08:03]} Rf2+ {[%emt 0:00:40]} 44. Kg1 {[%emt 0:00:02]} Rxg2+ {[%emt 0:00:10]} 45. Kh1 {[%emt 0:00:03]} a3 {[%emt 0:04:08]} 0-1

[Event "EYCC Open-U14 2019"]
[Site "Bratislava"]
[Date "2019.08.07"]
[Round "6.3"]
[White "Borhy, Marcell"]
[Black "Weihrauch, Jakob"]
[Result "1/2-1/2"]
[WhiteElo "2382"]
[BlackElo "2201"]
[Annotator "NA"]
[PlyCount "71"]
[EventDate "2019.08.02"]
[EventType "swiss"]
[EventCountry "SVK"]
[SourceTitle "playchess.com"]
[Source "ChessBase"]
[SourceQuality "1"]
[TimeControl "40/5400+30:1800+30"]

1. g3 {[%emt 0:00:02]} Nf6 {[%emt 0:00:00]} 2. Bg2 {[%emt 0:00:16]} g6 {[%emt 0:00:09]} 3. Nf3 {[%emt 0:00:20]} Bg7 {[%emt 0:00:31]} 4. c4 {[%emt 0:00:06]} O-O {[%emt 0:00:22]} 5. O-O {[%emt 0:00:29]} d5 {[%emt 0:01:42]} 6. cxd5 {[%emt 0:03:21]} Nxd5 {[%emt 0:00:02]} 7. d4 {[%emt 0:00:10]} Nb6 {[%emt 0:01:23]} 8. Nc3 {[%emt 0:05:32]} Nc6 {[%emt 0:00:26]} 9. d5 {[%emt 0:06:58]} Na5 {[%emt 0:01:24]} 10. Qc2 {[%emt 0:00:16]} c6 {[%emt 0:08:49]} 11. dxc6 {[%emt 0:05:43]} Nxc6 {[%emt 0:00:36]} 12. Rd1 {[%emt 0:00:24]} Qc7 {[%emt 0:05:01]} 13. Nb5 {[%emt 0:06:01]} Qb8 {[%emt 0:00:03]} 14. Bf4 {[%emt 0:02:21]} e5 {[%emt 0:01:18]} 15. Be3 {[%emt 0:00:17]} Bf5 {[%emt 0:01:37]} 16. Qc1 {[%emt 0:02:46]} Rc8 {[%emt 0:02:26]} 17. Bxb6 {[%emt 0:02:49]} axb6 {[%emt 0:00:41]} 18. Qe3 {[%emt 0:03:07]} Nb4 {[%emt 0:14:41]} 19. Ne1 {[%emt 0:04:57]} Nc2 {[%emt 0:08:14]} 20. Nxc2 {[%emt 0:00:20]} Rxc2 {[%emt 0:00:15]} 21. Qb3 {[%emt 0:04:07]} Rxe2 {[%emt 0:02:27]} 22. Nc3 {[%emt 0:33:11]} Bc2 {[%emt 0:04:20]} 23. Qxb6 {[%emt 0:01:01]} Bxd1 {[%emt 0:00:08]} 24. Rxd1 {[%emt 0:00:04]} Rc2 {[%emt 0:00:55]} 25. Qb3 {[%emt 0:05:49]} Rxc3 {[%emt 0:00:44]} 26. bxc3 {[%emt 0:00:06]} Qc7 {[%emt 0:07:35]} 27. Bxb7 {[%emt 0:03:19]} Rb8 {[%emt 0:00:02]} 28. Rb1 {[%emt 0:00:01]} e4 {[%emt 0:00:23]} 29. c4 {[%emt 0:00:54]} Bd4 {[%emt 0:01:49]} 30. Qb5 {[%emt 0:00:35]} Qe7 {[%emt 0:08:29]} 31. Qd5 {[%emt 0:01:22]} Qf6 {[%emt 0:01:09]} 32. Qxe4 {[%emt 0:01:42]} Qxf2+ {[%emt 0:00:30]} 33. Kh1 {[%emt 0:00:01]} Qxa2 {[%emt 0:00:29]} 34. Rd1 {[%emt 0:00:48]} Qb3 {[%emt 0:04:37]} 35. Rxd4 {[%emt 0:02:43]} Qxb7 {[%emt 0:00:05]} 36. Qxb7 {[%emt 0:00:26]} 1/2-1/2

[Event "EYCC Open-U14 2019"]
[Site "Bratislava"]
[Date "2019.08.07"]
[Round "6.4"]
[White "Krastev, Alexander"]
[Black "Rozen, Eytan"]
[Result "1/2-1/2"]
[WhiteElo "2325"]
[BlackElo "2260"]
[Annotator "NA"]
[PlyCount "99"]
[EventDate "2019.08.02"]
[EventType "swiss"]
[EventCountry "SVK"]
[SourceTitle "playchess.com"]
[Source "ChessBase"]
[SourceQuality "1"]
[TimeControl "40/5400+30:1800+30"]

1. e4 {[%emt 0:00:00]} c6 {[%emt 0:01:14]} 2. Nc3 {[%emt 0:00:00]} d5 {[%emt 0:00:08]} 3. Nf3 {[%emt 0:00:00]} Bg4 {[%emt 0:03:09]} 4. h3 {[%emt 0:00:00]} Bxf3 {[%emt 0:01:00]} 5. Qxf3 {[%emt 0:00:00]} Nf6 {[%emt 0:00:31]} 6. e5 {[%emt 0:08:19]} Nfd7 {[%emt 0:00:02]} 7. d4 {[%emt 0:09:56]} e6 {[%emt 0:00:19]} 8. Be3 {[%emt 0:01:49]} c5 {[%emt 0:01:07]} 9. Qg3 {[%emt 0:01:05]} cxd4 {[%emt 0:07:25]} 10. Bxd4 {[%emt 0:00:06]} Nc6 {[%emt 0:00:29]} 11. O-O-O {[%emt 0:01:12]} Nxd4 {[%emt 0:05:30]} 12. Rxd4 {[%emt 0:00:05]} Qb6 {[%emt 0:04:15]} 13. Rd1 {[%emt 0:00:12]} O-O-O {[%emt 0:02:16]} 14. Bd3 {[%emt 0:02:17]} Bb4 {[%emt 0:10:03]} 15. Ne2 {[%emt 0:02:09]} g6 {[%emt 0:03:39]} 16. f4 {[%emt 0:02:41]} h5 {[%emt 0:03:49]} 17. c3 {[%emt 0:07:29]} Be7 {[%emt 0:03:36]} 18. h4 {[%emt 0:06:28]} Nb8 {[%emt 0:04:32]} 19. Nd4 {[%emt 0:14:17]} Nc6 {[%emt 0:03:54]} 20. Nc2 {[%emt 0:00:09]} Kb8 {[%emt 0:02:39]} 21. Kb1 {[%emt 0:01:03]} Na5 {[%emt 0:02:28]} 22. Qe1 {[%emt 0:05:04]} Rc8 {[%emt 0:02:29]} 23. g3 {[%emt 0:00:52]} Nc4 {[%emt 0:01:02]} 24. Bxc4 {[%emt 0:00:09]} Rxc4 {[%emt 0:00:02]} 25. Rd4 {[%emt 0:00:57]} Rhc8 {[%emt 0:03:31]} 26. Rxc4 {[%emt 0:02:16]} Rc7 27. Rc5 Rxc5 {[%emt 0:00:32]} 28. Qd1 Rc4 29. Qd2 {[%emt 0:04:03]} Qc7 {[%emt 0:03:05]} 30. Nd4 {[%emt 0:06:09]} Qb6 {[%emt 0:04:14]} 31. Rd1 {[%emt 0:11:04]} a6 {[%emt 0:00:53]} 32. Ka1 {[%emt 0:09:41]} Rc7 {[%emt 0:01:05]} 33. Qe2 {[%emt 0:01:09]} Bc5 {[%emt 0:00:50]} 34. Nb3 {[%emt 0:00:56]} Ka7 {[%emt 0:01:16]} 35. Qd3 {[%emt 0:02:49]} a5 {[%emt 0:01:11]} 36. Nxc5 {[%emt 0:01:20]} Qxc5 {[%emt 0:00:46]} 37. Qd4 {[%emt 0:00:05]} b6 {[%emt 0:02:16]} 38. Kb1 {[%emt 0:00:43]} Qb5 {[%emt 0:02:01]} 39. Qd3 {[%emt 0:00:17]} Qxd3+ {[%emt 0:02:36]} 40. Rxd3 {[%emt 0:00:05]} Rc4 {[%emt 0:00:34]} 41. Rd4 {[%emt 0:30:08]} Rxd4 {[%emt 0:30:53]} 42. cxd4 {[%emt 0:00:00]} Ka6 {[%emt 0:00:00]} 43. a4 {[%emt 0:00:00]} b5 {[%emt 0:00:00]} 44. b3 {[%emt 0:00:00]} bxa4 {[%emt 0:00:00]} 45. bxa4 {[%emt 0:00:00]} Kb7 {[%emt 0:00:00]} 46. Kc2 {[%emt 0:00:00]} Kc7 {[%emt 0:00:00]} 47. Kd3 {[%emt 0:00:00]} Kd7 {[%emt 0:00:00]} 48. Ke3 {[%emt 0:00:00]} Ke7 {[%emt 0:00:00]} 49. Kf3 {[%emt 0:00:00]} f5 {[%emt 0:00:00]} 50. Ke3 {[%emt 0:00:00]} 1/2-1/2